000 00953cam a22002531 4500
001 he 66001503
003 DLC
005 20260227111441.0
008 850123s1876 pl 000 0 heb
010 _ahe 66001503
035 _a(OCoLC)19203038
040 _aDLC
_cMH
_dCU
_dDLC
042 _apremarc
050 0 0 _aBM517
_b.A3 1876
130 0 _aMidrash Aggadat Bereshit.
245 1 0 _aMidrash agadat Bereshit :
_bderushim...ʻim perushe ʻEts Yosef, ʻAnaf Yosef, ṿe-Yad Yosef... /
_cme-et...Ḥanokh Zundl... ; Midrash temurah...Masekhet kele Bet ha-miḳdash, Maʻaśeh de-Rabi Yehoshuʻa ben Leṿi, Masekhet atsilut u-varaita mi-pirḳe ha-merkavah...u-varaita di-melekhet ha-mishḳan..
260 _aWarsaw :
_bBi-defus Y. Lebenzohn,
_c636, 1876.
300 _a132 p. ;
_c23 cm.
700 0 _aEnoch Zondel ben Joseph,
_d-1867.
740 0 _aʻEts Yosef.
740 0 _aʻAnaf Yosef.
740 0 _aYad Yosef.
752 _aPoland
_dWarsaw
999 _c31918
_d31918